Issues in economic theory and public policy: essays in honour of professor Tapas Majumdar (Record no. 385793)

000 -LEADER
fixed length control field 00581cam a22001817a 4500
008 - FIXED-LENGTH DATA ELEMENTS--GENERAL INFORMATION
fixed length control field 180718b1997 xxu||||| |||| 00| 0 eng d
020 ## - INTERNATIONAL STANDARD BOOK NUMBER
International Standard Book Number 0195639499
082 ## - DEWEY DECIMAL CLASSIFICATION NUMBER
Classification number T1 B651i
245 ## - TITLE STATEMENT
Title Issues in economic theory and public policy: essays in honour of professor Tapas Majumdar
Statement of responsibility, etc. edited by Amitava Bose, Mihir Rakshit and Anup Sinha
260 ## - PUBLICATION, DISTRIBUTION, ETC.
Place of publication, distribution, etc. Delhi
Name of publisher, distributor, etc. Oxford University Press
Date of publication, distribution, etc. 1997
300 ## - PHYSICAL DESCRIPTION
Extent 322p.
650 ## - SUBJECT ADDED ENTRY--TOPICAL TERM
Topical term or geographic name entry element Public policy
650 ## - SUBJECT ADDED ENTRY--TOPICAL TERM
Topical term or geographic name entry element India - Economic policy
650 ## - SUBJECT ADDED ENTRY--TOPICAL TERM
Topical term or geographic name entry element Economics
700 ## - ADDED ENTRY--PERSONAL NAME
Personal name Sinha, Anup
700 ## - ADDED ENTRY--PERSONAL NAME
Personal name Rakshit, Mihir
700 ## - ADDED ENTRY--PERSONAL NAME
Personal name Bose, Amitava
Holdings
Withdrawn status Lost status Damaged status Not for loan Permanent Location Current Location Date acquired Full call number Barcode Date last seen Price effective from Koha item type
        Indian Institute of Public Administration Indian Institute of Public Administration 1998-03-20 T1 B651i 72966 2018-07-21 2018-07-21 Book

Powered by Koha